Families are different / (Record no. 7637)

MARC details
000 -LEADER
fixed length control field 00988nam a22003017a 4500
001 - CONTROL NUMBER
control field 7637
003 - CONTROL NUMBER IDENTIFIER
control field FISKH
005 - DATE AND TIME OF LATEST TRANSACTION
control field 20250729100928.0
008 - FIXED-LENGTH DATA ELEMENTS--GENERAL INFORMATION
fixed length control field 250729b cb ||||| |||| 00| 0 eng d
020 ## - INTERNATIONAL STANDARD BOOK NUMBER
International Standard Book Number 9780590463171
040 ## - CATALOGING SOURCE
Original cataloging agency FISKH
Language of cataloging eng
Transcribing agency FISKH
Modifying agency FISKH
050 ## - LIBRARY OF CONGRESS CALL NUMBER
Classification number PZ7.P3635 F
082 ## - DEWEY DECIMAL CLASSIFICATION NUMBER
Classification number 028.5
100 ## - MAIN ENTRY--PERSONAL NAME
Personal name Pellegrini, Nina
245 ## - TITLE STATEMENT
Title Families are different /
Statement of responsibility, etc. written and illustrated by Nina Pellegrini
260 ## - PUBLICATION, DISTRIBUTION, ETC.
Place of publication, distribution, etc. New York :
Name of publisher, distributor, etc. Scholastic ,
Date of publication, distribution, etc. 1991.
300 ## - PHYSICAL DESCRIPTION
Extent 32 unnumbered pages :
Other physical details color illustrations ;
Dimensions 23 cm .
505 ## - FORMATTED CONTENTS NOTE
Formatted contents note M <br/>
520 ## - SUMMARY, ETC.
Summary, etc. An adopted Korean girl discovers that her classmates have different types of families.
521 8# - TARGET AUDIENCE NOTE
Target audience note 540 <br/>
Source Lexile <br/>
521 8# - TARGET AUDIENCE NOTE
Target audience note M <br/>
Source Raz-Plus <br/>
650 ## - SUBJECT ADDED ENTRY--TOPICAL TERM
Topical term or geographic name entry element Multicultural
Form subdivision Children's literature
650 ## - SUBJECT ADDED ENTRY--TOPICAL TERM
Topical term or geographic name entry element Family diversity
Form subdivision Children's literature
650 ## - SUBJECT ADDED ENTRY--TOPICAL TERM
Topical term or geographic name entry element Marriage and Family
Form subdivision Children's literature
700 ## - ADDED ENTRY--PERSONAL NAME
Personal name Pellegrini, Nina
Relator term Illustrator
942 ## - ADDED ENTRY ELEMENTS (KOHA)
Source of classification or shelving scheme Dewey Decimal Classification
Koha item type Books
Suppress in OPAC No
Holdings
Withdrawn status Lost status Source of classification or shelving scheme Damaged status Not for loan Collection Home library Current library Shelving location Date acquired Total Checkouts Full call number Barcode Date last seen Price effective from Koha item type
    Dewey Decimal Classification     Juvenile Fiction Footprints International School Library Network Toul Tom Poung Campus Footprints International School Library Network Toul Tom Poung Campus TTP Primary Yellow Bookshelves 07/29/2025   PEL 028.5 PZ7.P3635 F FISBK05843 07/29/2025 07/29/2025 Books